Toward a comparative institutional analysis /

Bibliographic Details
Main Author: Aoki, Masahiko, 1938-2015
Corporate Author: NetLibrary, Inc
Format: eBook
Language:English
Published: Cambridge, Mass. : MIT Press, [2001]
Series:Comparative institutional analysis ; 2.
Subjects:
Online Access:Connect to the full text of this electronic book

MARC

Tag First Indicator Second Indicator Subfields
LEADER 00000cam a2200000Ia 4500
001 in00001849021
005 20220105141246.0
006 m d
007 cr cn-
008 031014s2001 maua sb 001 0 eng d
020 |a 0585475482 (electronic bk.) 
035 |a (OCoLC)ocm53196470 
040 |a N$T  |c N$T  |d UtOrBLW 
049 |a IICC 
050 1 4 |a HB99.5  |b .A63 2001eb 
082 0 4 |a 333  |2 22 
100 1 |a Aoki, Masahiko,  |d 1938-2015.  |0 http://id.loc.gov/authorities/names/n83189303 
245 1 0 |a Toward a comparative institutional analysis /  |c Masahiko Aoki. 
264 1 |a Cambridge, Mass. :  |b MIT Press,  |c [2001] 
264 4 |c ©2001 
300 |a xi, 467 pages :  |b illustrations 
336 |a text  |b txt  |2 rdacontent 
337 |a computer  |b c  |2 rdamedia 
338 |a online resource  |b cr  |2 rdacarrier 
490 1 |a Comparative institutional analysis ;  |v 2 
504 |a Includes bibliographical references (pages [433]-456) and index. 
533 |a Electronic reproduction.  |b Boulder, Colo. :  |c NetLibrary,  |d 2003.  |n Available via World Wide Web.  |n Access may be limited to NetLibrary affiliated libraries. 
500 |a Electronic resource. 
650 0 |a Institutional economics.  |0 http://id.loc.gov/authorities/subjects/sh85066745 
650 0 |a Game theory.  |0 http://id.loc.gov/authorities/subjects/sh85052941 
655 7 |a Electronic books.  |2 local 
710 2 |a NetLibrary, Inc.  |0 http://id.loc.gov/authorities/names/no99080690 
776 1 |c Original  |z 0262011875  |w (DLC) 2001032633  |w (OCoLC)46929292 
830 0 |a Comparative institutional analysis ;  |v 2.  |0 http://id.loc.gov/authorities/names/nr2001017026 
856 4 1 |u https://proxy.library.tamu.edu/login?url=http://www.netLibrary.com/urlapi.asp?action=summary&v=1&bookid=78220  |z Connect to the full text of this electronic book  |t 0 
994 |a 92  |b IIC 
999 |a MARS 
999 f f |s 45a236c7-03be-312d-aff7-891a2afde80c  |i a16d7a7e-e7ff-3678-ab62-985eda50d82c  |t 0 
952 f f |a Texas A&M University  |b College Station  |c Electronic Resources  |d Available Online  |t 0  |e HB99.5 .A63 2001eb  |h Library of Congress classification 
998 f f |a HB99.5 .A63 2001eb  |t 0  |l Available Online